The state of the countryside 2003 (Record no. 102796)

MARC details
000 -LEADER
fixed length control field 01053cam a2200277 4500
008 - FIXED-LENGTH DATA ELEMENTS--GENERAL INFORMATION
fixed length control field 000000n2003 000 0 eng u
020 ## - INTERNATIONAL STANDARD BOOK NUMBER
International Standard Book Number 086170682X
035 ## - SYSTEM CONTROL NUMBER
System control number (Sirsi) u122230
041 ## - LANGUAGE CODE
Language code of text/sound track or separate title eng
050 ## - LIBRARY OF CONGRESS CALL NUMBER
Classification number 333.76
-- 18
110 ## - MAIN ENTRY--CORPORATE NAME
Corporate name or jurisdiction name as entry element Countryside Agency
9 (RLIN) 3740
245 #4 - TITLE STATEMENT
Title The state of the countryside 2003
260 ## - PUBLICATION, DISTRIBUTION, ETC.
Place of publication, distribution, etc. Wetherby
Name of publisher, distributor, etc. Countryside Agency
Date of publication, distribution, etc. 2003
490 ## - SERIES STATEMENT
Series statement Countryside Agency Publication
Volume/sequential designation 140
520 ## - SUMMARY, ETC.
Summary, etc. The Countryside Agency's annual report monitoring the state of the countryside. The report is presented in several sections considering people and communities, services and lifestyles, the environment and recreation, and rural economies and enterprise.
650 ## - SUBJECT ADDED ENTRY--TOPICAL TERM
Topical term or geographic name entry element EMPLOYMENT
650 ## - SUBJECT ADDED ENTRY--TOPICAL TERM
Topical term or geographic name entry element FARMING
650 ## - SUBJECT ADDED ENTRY--TOPICAL TERM
Topical term or geographic name entry element HOUSING
650 ## - SUBJECT ADDED ENTRY--TOPICAL TERM
Topical term or geographic name entry element RURAL AREAS
650 ## - SUBJECT ADDED ENTRY--TOPICAL TERM
Topical term or geographic name entry element STATISTICS
650 ## - SUBJECT ADDED ENTRY--TOPICAL TERM
Topical term or geographic name entry element TOURISM
650 ## - SUBJECT ADDED ENTRY--TOPICAL TERM
Topical term or geographic name entry element TRANSPORT
690 ## - LOCAL SUBJECT ADDED ENTRY--TOPICAL TERM (OCLC, RLIN)
Topical term or geographic name as entry element Rural
9 (RLIN) 6268
856 ## - ELECTRONIC LOCATION AND ACCESS
Uniform Resource Identifier <a href="https://www.countryside.gov.uk/publications/publication.asp?PublicationID=618">https://www.countryside.gov.uk/publications/publication.asp?PublicationID=618</a>
Hours access method available View the report on the Countryside Agency website...
942 ## - ADDED ENTRY ELEMENTS (KOHA)
Suppress in OPAC 0
Holdings
Withdrawn status Lost status Source of classification or shelving scheme Damaged status Not for loan Home library Current library Shelving location Date acquired Total Checkouts Full call number Barcode Date last seen Copy number Price effective from Koha item type
    Dewey Decimal Classification     Virtual Virtual Online 09/05/2003   ONLINE PUBLICATION 122230-1001 06/08/2019 1 06/08/2019 Book